| 000 | 00655nam a22001937a 4500 | ||
|---|---|---|---|
| 999 |
_c16894 _d16894 |
||
| 008 | 220422b ||||| |||| 00| 0 eng d | ||
| 020 | _a9781260597806 | ||
| 082 |
_22022 _aDC 532.0533 _bW582 |
||
| 100 |
_aWhite, Frank M., author _945124 |
||
| 245 |
_aViscous fluid flow/ _cFrank M. White, Joseph Majdalani, authors |
||
| 250 | _aFourth edition | ||
| 260 |
_aNew York, NY: _bMc Graw Hill, _c2022. |
||
| 300 |
_aix, 522 pages: _billustrations; _c27 cm. |
||
| 500 | _aIncludes bibliographical references and index. | ||
| 650 |
_a Viscous flow _945125 |
||
| 650 |
_aFluid physics _945126 |
||
| 700 |
_aMajdalani, Joseph, _eauthor _945127 |
||
| 942 |
_2ddc _cDC |
||